000
00326 a2200157 4500
001
57371
020
_a
8508041748
040
_c
Anchieta - Pituba
100
_a
Sabino, Fernando
240
1
0
_a
O bom ladrão
_l
por
245
1
0
_a
O bom ladrão
300
_a
62
362
0
_a
1997
650
4
_a
Literatura juvenil
942
_c
BK
999
_c
57371
_d
57371